000 00665nam a2200205 a 4500
001 000025724
005 20200930024012.0
008 110221s1959 sp r 000 p spa d
040 _aDO-SdBNP
_cBNPHU
082 _aNNN
_bR573a
100 1 _aRilke, Rainer María,
_d1875-1926.
_92953
245 1 0 _aAntología Poética /
_cRainer María Rilke ; traducción de A. Hurtado Giol ; pórtico por José Arier Matons.
260 _aBarcelona, (España) :
_bEdiciones Zeus,
_c1959.
300 _aXVI, 205, [1] p. ;
_c18 cm.
490 1 _aZeus
700 1 _aHurtado Giol, A.
_etr.
_952494
700 1 _aArier Matons, José
_952495
830 0 _aZeus
_952496
049 _aBNGR
999 _c25216
_d25216